000 00328nam a22001337a 4500
008 180125b xxu||||| |||| 00| 0 eng d
020 _a9780073526386
041 _aeng
080 _a32
100 _a19
101 _aPOL
245 _aAn introduction to american government a more perfect union
_cHarrison,B
942 _2udc
_cBK
999 _c40946
_d40946